| 000 | nam a22 7a 4500 | ||
|---|---|---|---|
| 999 |
_c356120 _d356120 |
||
| 003 | NUST | ||
| 005 | 20180124093559.0 | ||
| 008 | 180124b xxu||||| |||| 00| 0 eng d | ||
| 040 | _c0 | ||
| 082 | _a04 MAN | ||
| 245 |
_aAnalytikjena Multi N/C 3100: _bUser Manual |
||
| 260 |
_aGermany _bAnalytik jena AG _c2005 |
||
| 300 | _a194p. | ||
| 500 | _aphotocopy | ||
| 942 |
_2ddc _cBK _kIESE |
||